00353nam a22001457a 4500003000400000008004100004020001800045082001700063100002200080245001500102250001400117260005300131300001100184650001200195OSt250801b |||||||| |||| 00| 0 eng d a9788171198542 a305.5688 VAJ aOmprakash Valmiki aJoothan -1 a21st. ed. aDelhi,bRadhakrishan Prakashan Pvt. Ltd.,c2025, a163 p. aEnglish